000 01275cam a2200289 i 4500
001 16156
003 DO-SdUEMH
005 20260115161330.0
007 ta
008 211105s1999 dr a|||gr|||| 000 0 spa|d
040 _aDO-SdUEMH
_bspa
_erda
041 _aspa
082 1 4 _mRD
_aRD307.7672356 R426SA
_bR426s
084 _b08-01021
100 _aCorral, Julio C.
_eaut
245 1 0 _aLineamientos de políticas de desarrollo urbano para la ciudad de Salcedo /
_cJulio C. Corral, Marcos A. Gómez, José Bencosme, Sonia Peralta, Francis Ramos
246 _aLineamientos de políticas de desarrollo urbano :
_bSalcedo
260 _c1999
264 0 1 _aSantiago de los Caballeros :
_bCEUR / PUCMM,
_c1999
300 _a134 páginas :
_bilustraciones ;
_c28 cm.
336 _2rdacontent
_atexto
_btxt
337 _2rdamedia
_asin mediación
_bn
338 _2rdacarrier
_avolumen
_bnc
505 2 _aIntroducción -- La ciudad de Salcedo en la región -- Caracterización de la ciudad -- Tendencias actuales de la ciudad de Salcedo -- Salcedo hacia un mejor destino a través de la gobernabilidad urbana, la competitividad económica y la sustentabilidad ambiental: lineamientos de políticas de desarrollo urbano y propuestas de proyectos.
942 _2ddc
_cBK
_n0
999 _c16156
_d16156